00409nam a22001457a 450000500170000000800410001702000130005804100130007108200130008410000130009724500430011026000550015330000290020865000260023720240219064034.0240219b |||||||| |||| 00| 0 eng d a10233806 aEnglish  a349 BUT  lEnglish  aButterworths Law Reports : Labour Law  aDurban :bButterworth Publishers (Pty) Ltd,c1995  bx, 131 pages ; c25 cm.  aLegal practice bLaw